000 00385nam a2200145Ia 4500
100 _aKandpur R.S.
942 _cBK
654 _aelectronic equipment troubleshooting repair maintainance
245 _aModern electronic Equipment Troubleshooting
260 _bTata Mc Graw hill
_aNew Delhi
_c1994
082 _a621.381
_bPAN
300 _a516
546 _aENGLISH
999 _c33129
_d33129